| 000 | 00947nam a22002775i 4500 | ||
|---|---|---|---|
| 999 |
_c28155 _d28126 |
||
| 003 | EG-ScBUE | ||
| 005 | 20200220102215.0 | ||
| 008 | 200219s2019 ua g 000 f ara d | ||
| 017 | _a2018 / 19948 | ||
| 020 | _a9789777952002 | ||
| 040 |
_aEG-ScBUE _bara _erda _cEG-ScBUE _dEG-ScBUE |
||
| 082 | 0 | 4 |
_a892.736 _bع ب د _222 |
| 100 | 1 |
_aعبد المجيد، إبراهيم، _eمؤلف. |
|
| 245 | 1 | 2 |
_aالبلدة الأخرى : _bرواية / _cإبراهيم عبد المجيد. |
| 250 | _aالطبعة الأولى. | ||
| 264 | 1 |
_aالقاهرة : _bالدار المصرية اللبنانية، _c2019. |
|
| 300 |
_a407 صفحة ؛ _c22 سم |
||
| 336 |
_aنص _btxt _2rdacontent |
||
| 337 |
_aبدون وسيط _bn _2rdamedia |
||
| 338 |
_aمجلد _bnc _2rdacarrier |
||
| 541 | _aBook Fair, 2020 | ||
| 650 | 7 |
_aالقصص العربية _yقرن 21. _2BUEsh |
|
| 651 | _2BUEsh | ||
| 653 |
_bARALIT _bGGEN _cFebruary2020 |
||
| 942 | _2ddc | ||